[Event "Wloclawek CC Classic 17th"]
[Site "Wloclawek"]
[Date "2016.??.??"]
[Round "5"]
[White "Cichocka, Katarzyna"]
[Black "Piech, Eugeniusz"]
[Result "1-0"]
[WhiteElo "1515"]
[BlackElo "1304"]
[PlyCount "89"]
[EventDate "2016.06.??"]
[EventType "swiss"]
[EventRounds "7"]
[EventCountry "POL"]
[SourceTitle "EXT 2021"]
[Source "ChessBase"]
[SourceDate "2020.10.23"]
[SourceVersion "1"]
[SourceVersionDate "2020.10.23"]
[SourceQuality "1"]

1. e4 d5 2. exd5 Qxd5 3. Nc3 Qd6 4. Nf3 Bg4 5. Be2 Nf6 6. h3 Bxf3 7. Bxf3 c6 8. 0-0 e6 9. d4 Be7 10. Ne2 0-0 11. c4 Qd8 12. Qb3 Qc8 13. Bf4 Qd7 14. Rfd1 Na6 15. Rac1 Rac8 16. Be3 b6 17. Nc3 Qc7 18. d5 exd5 19. cxd5 c5 20. Nb5 Qb8 21. d6 Bxd6 22. Nxd6 Rcd8 23. Ne4 Nxe4 24. Bxe4 Qe5 25. Bb7 Nc7 26. Rxd8 Rxd8 27. Rd1 Rb8 28. Bd5 Nxd5 29. Qxd5 Qe8 30. Qd7 Qxd7 31. Rxd7 a6 32. Bf4 Rc8 33. Kf1 h6 34. Rb7 Rc6 35. Rb8+ Kh7 36. Rd8 Re6 37. Rd6 Kg6 38. Rxe6+ fxe6 39. Be5 h5 40. Ke2 Kf7 41. Kd3 g6 42. Kc4 Ke7 43. Bc7 b5+ 44. Kxc5 Kd7 45. Be5 1-0

[Event "Wloclawek CC Classic 17th"]
[Site "Wloclawek"]
[Date "2016.??.??"]
[Round "4"]
[White "Piech, Eugeniusz"]
[Black "Janik, Krystian"]
[Result "1/2-1/2"]
[WhiteElo "1304"]
[BlackElo "1883"]
[PlyCount "124"]
[EventDate "2016.06.??"]
[EventType "swiss"]
[EventRounds "7"]
[EventCountry "POL"]
[SourceTitle "EXT 2021"]
[Source "ChessBase"]
[SourceDate "2020.10.23"]
[SourceVersion "1"]
[SourceVersionDate "2020.10.23"]
[SourceQuality "1"]

1. c4 Nf6 2. d4 d6 3. Nc3 g6 4. Bg5 Bg7 5. e3 0-0 6. Bxf6 Bxf6 7. Nf3 Nc6 8. Be2 e5 9. d5 Ne7 10. Ne4 Bg7 11. 0-0 h6 12. Rc1 b6 13. b4 a5 14. b5 f5 15. Nc3 Kh7 16. e4 f4 17. Ne1 Ng8 18. Bg4 h5 19. Bxc8 Rxc8 20. f3 Nf6 21. Kf2 Bh6 22. Rc2 Qe7 23. Ke2 Rg8 24. Kd3 Nd7 25. Na4 Rg7 26. Qe2 Rcg8 27. Rg1 Qf7 28. Qf1 g5 29. h3 Rg6 30. Rf2 R8g7 31. Kc2 Kg8 32. Kd3 Nf6 33. Nc3 Qd7 34. Rh1 Qc8 35. Kc2 Rf7 36. Qe2 Bf8 37. Qf1 Rh7 38. Rg1 Kf7 39. Kd3 Be7 40. Nc2 Qg8 41. Rh1 Nd7 42. Na4 Ke8 43. Ne1 Nf6 44. Nc3 Qg7 45. Kc2 Qg8 46. Kd3 g4 47. hxg4 hxg4 48. Rxh7 Qxh7 49. fxg4 Rxg4 50. Rf3 Rh4 51. Rh3 Ng4 52. Rxh4 Bxh4 53. Nf3 Bg3 54. Ng5 Qg6 55. Ne6 Nf2+ 56. Kd2 Qh7 57. Qe2 Qh6 58. Nxc7+ Kd7 59. Ne6 f3+ 60. Qe3 Qxe3+ 61. Kxe3 fxg2 62. Ne2 Nd1+ 1/2-1/2